Southville International School and Colleges
Your cart is empty.
  • Cart
  • Lists
    Public lists Eva Luna New books Lux_list list_1
    Your lists Log in to create your own lists
  • Log in to your account
  • Your cookies
  • Search history
Southville International School and Colleges
  • Advanced search
  • Recent comments
  • Most popular
  • Libraries

Log in to your account

Log in with GOOGLE


If you do not have an external account, but do have a local account, you can still log in:

  1. Home
  2. MARC view: The sixth commandment /
Normal view MARC view ISBD view

The sixth commandment / (Record no. 11060)

[ view plain ]
MARC details
000 -LEADER
fixed length control field 00524nam a22001937a 4500
003 - CONTROL NUMBER IDENTIFIER
control field LC
005 - DATE AND TIME OF LATEST TRANSACTION
control field 20160317155215.0
008 - FIXED-LENGTH DATA ELEMENTS--GENERAL INFORMATION
fixed length control field 121114t xxu||||| |||| 00| 0 eng d
020 ## - INTERNATIONAL STANDARD BOOK NUMBER
International Standard Book Number 0586050272
050 ## - LIBRARY OF CONGRESS CALL NUMBER
Classification number PZ 4
Item number .Sa19465Si 1979
082 ## - DEWEY DECIMAL CLASSIFICATION NUMBER
Classification number FIC
Item number Sa5s 1979
100 ## - MAIN ENTRY--PERSONAL NAME
Personal name Sanders, Lawrence
9 (RLIN) 18756
245 ## - TITLE STATEMENT
Title The sixth commandment /
Statement of responsibility, etc Lawrence Sanders.
260 ## - PUBLICATION, DISTRIBUTION, ETC. (IMPRINT)
Place of publication, distribution, etc Great Britain :
Name of publisher, distributor, etc Granada Publishing Limited,
Date of publication, distribution, etc 1979.
300 ## - PHYSICAL DESCRIPTION
Extent 348 p. :
Dimensions 17 cm
650 ## - SUBJECT ADDED ENTRY--TOPICAL TERM
Topical term or geographic name as entry element Fiction.
9 (RLIN) 746
942 ## - ADDED ENTRY ELEMENTS (KOHA)
Source of classification or shelving scheme Library of Congress Classification
Koha item type Books
Holdings
Withdrawn status Lost status Source of classification or shelving scheme Damaged status Home library Current library Shelving location Date acquired Total Checkouts Full call number Barcode Date last seen Copy number Price effective from Koha item type
    Library of Congress Classification   Luxembourg Library Luxembourg Library Fiction Section 09/12/2013   PZ 4 .Sa19465Si 1979 9083 05/25/2015 1 09/12/2013 Books

The sixth commandment /

APA

Sanders L., . (1979). The sixth commandment. Great Britain: Granada Publishing Limited.

Chicago

Sanders Lawrence, . 1979. The sixth commandment. Great Britain: Granada Publishing Limited.

Harvard

Sanders L., . (1979). The sixth commandment. Great Britain: Granada Publishing Limited.

MLA

Sanders Lawrence, . The sixth commandment. Great Britain: Granada Publishing Limited. 1979.

  • Place hold
  • Print
  • Cite
  • Add to your cart (remove)
  • Save record
    BIBTEX Dublin Core MARCXML MARC (non-Unicode/MARC-8) MARC (Unicode/UTF-8) MARC (Unicode/UTF-8, Standard) MODS (XML) RIS
  • More searches
    Search for this title in:
    Other Libraries (WorldCat) Other Databases (Google Scholar) Online Stores (Bookfinder.com) Open Library (openlibrary.org)

Exporting to Dublin Core...

SOUTHVILLE LIBRARY

Southville International School and Colleges Library

1281 Tropical Ave. Cor. Luxembourg St., BF Homes International, Las Pinas City

Tel. No. 8256374 / 252358 Loc. 117/146

Powered by Koha